Online
Catalog
Normal view MARC view

Entry Nombre geográfico

Number of records used in: 6

001 - NÚMERO DE CONTROL

  • campo de control: 32929

003 - IDENTIFICADOR DEL NÚMERO DE CONTROL

  • campo de control: BNPHU

005 - FECHA Y HORA DE LA ÚLTIMA TRANSACCIÓN

  • campo de control: 20240409125342.0

008 - DATOS DE LONGITUD FIJA

  • campo de control de longitud fija: 200615|| aca||aabn | a|a d

040 ## - FUENTE DE LA CATALOGACIÓN

  • Centro catalogador/agencia de origen: DO-SdBNP
  • Lengua de catalogación: spa
  • Centro/agencia transcriptor: BNPHU
  • Normas de descripción: rda

151 ## - ENCABEZAMIENTO--NOMBRE GEOGRÁFICO

  • Nombre geográfico: República Dominicana --
  • Subdivisión general: Historia --
  • Subdivisión cronológica: Primera república 1844-1861

451 ## - TRAZADO DE VÉASE--NOMBRE GEOGRÁFICO

  • Nombre geográfico: Dominican Republic
  • Subdivisión general: History
  • Subdivisión cronológica: First republic , 1844-1861

670 ## - FUENTE DE DATOS ENCONTRADOS

  • Cita de la fuente: Work cat.: (OSt)14135: Cruz Sánchez, Filiberto 13112, Historia de la República Dominicana :, 2006.

670 ## - FUENTE DE DATOS ENCONTRADOS

  • Cita de la fuente: ARMARC, 09 abril 224

Powered by Koha